Design of concrete structures (Record no. 3622)

000 -LEADER
fixed length control field 00547nam a22002057a 4500
001 - CONTROL NUMBER
control field 3622
003 - CONTROL NUMBER IDENTIFIER
control field BD-DhUET
008 - FIXED-LENGTH DATA ELEMENTS--GENERAL INFORMATION
fixed length control field 141102b xxu||||| |||| 00| 0 eng d
040 ## - CATALOGING SOURCE
Transcribing agency 0
Modifying agency BD-DhUET
082 ## - DEWEY DECIMAL CLASSIFICATION NUMBER
Classification number 624.183
Item number WIN/1972
100 ## - MAIN ENTRY--PERSONAL NAME
Personal name Winter, George
245 ## - TITLE STATEMENT
Title Design of concrete structures
Statement of responsibility, etc. by George Winter and Arthur H. Nilson
250 ## - EDITION STATEMENT
Edition statement 8th ed.
260 ## - PUBLICATION, DISTRIBUTION, ETC. (IMPRINT)
Place of publication, distribution, etc. New York
Name of publisher, distributor, etc. McGraw-Hill
Date of publication, distribution, etc. 1972
300 ## - PHYSICAL DESCRIPTION
Extent xii,615p.
504 ## - BIBLIOGRAPHY, ETC. NOTE
Bibliography, etc Includes bibliographies
650 #0 - SUBJECT ADDED ENTRY--TOPICAL TERM
Topical term or geographic name as entry element Reinforced concrete
700 ## - ADDED ENTRY--PERSONAL NAME
Personal name Nilson, Arthur H.
942 ## - ADDED ENTRY ELEMENTS (KOHA)
Koha item type General Book
Holdings
Price effective from Date acquired Piece designation (barcode) Koha normalized classification for sorting Koha full call number Sublocation or collection (holding branch) Withdrawn status Source of classification or shelving scheme Koha item type Lost status Copy number Koha issues (times borrowed) Koha date last borrowed Location (home branch) Damaged status Not for loan Koha date last seen Shelving location
2014-11-022014-11-0239870624_183000000000000_WIN_1972624.183/WIN/1972Central Library, BUET  General Book 122025-05-26Central Library, BUET  2025-06-18Circulation section
2014-11-022014-11-0244253624_000000000000000_183WIN1972624.183/WIN/1972Central Library, BUET  General Book 212025-05-26Central Library, BUET  2025-05-28Circulation section
2014-11-182014-11-1839869624_000000000000000_183WIN1972624.183/WIN/1972Central Library, BUET  General Book 3  Central Library, BUET  2014-11-18Circulation section
2014-11-182014-11-1839871624_000000000000000_183WIN1972624.183/WIN/1972Central Library, BUET  General Book 4  Central Library, BUET  2014-11-18Circulation section
2015-02-222015-02-2242844624_183000000000000_WIN_1972624.183/WIN/1972Central Library, BUET  General Book 522025-05-27Central Library, BUET  2025-06-28Circulation section
2015-02-222015-02-2254930624_183000000000000_WIN_1972624.183/WIN/1972Central Library, BUET  General Book 6  Central Library, BUET  2015-02-22Circulation section
2015-05-072015-05-0745112624_183000000000000_WIN_1972624.183/WIN/1972Central Library, BUET  General Book 712025-05-26Central Library, BUET  2025-05-27Circulation section